000 00962nam0a22002411 4500
001 v19\rc\1897814
005 20250619174336.0
035 _a(NLR Aleph) 004983739
090 _a6212519
_c6212519
100 _a20080221d1911 |||y0rusy50 ca
101 0 _arus
102 _aRU
105 _aa z |||||
200 1 _aРуководство к установке, обращению и употреблению горизонтального центробежного насоса высокого давления (многокамерного)
_fБратья Зульцер, Винтертур и Людвигсгафен на Рейне
210 _aМосква
_d[1911]
215 _a11 с., 1 л. черт.
_cил.
710 0 2 _aЗульцер, бр., завод
_cВинтертур, Германия
801 0 _aRU
_bNLR
_gpsbo
801 0 _aRU
_bRuMoRGB
_2psbo
801 1 _aRU
_bProSoft-M
_2rusmarc
852 _aNLR
_j20.86.9.5
942 _cBOOK
980 _aNB